000
00282 a2200145 4500
001
61445
020
_a
8575564986
040
_c
Anchieta - Pituba
100
_a
Cardoso, Joel
240
1
0
_a
Diabetes
_l
por
245
1
0
_a
Diabetes
300
_a
82
650
4
_a
Diabetes
942
_c
BK
999
_c
61445
_d
61445